书目信息 |
| 题名: |
摩擦学入门
|
|
| 作者: | 鲍登 , 泰伯 , Tabor , Bowden 著 ;沈继飞 译 | |
| 分册: | ||
| 出版信息: | 北京 机械工业出版社 1982 |
|
| 页数: | 161页 | |
| 开本: | 19cm | |
| 丛书名: | ||
| 单 册: | ||
| 中图分类: | TH117 , TH117.1 | |
| 科图分类: | ||
| 主题词: | 机械--摩擦 , 磨损 , 机械--润滑 , 摩擦学 | |
| 电子资源: | ||
| ISBN: | ||
| 000 | 01011nam0 2200349 45 | |
| 001 | 0182011040 | |
| 005 | 20060820104142.40 | |
| 010 | @dCNY0.56 | |
| 091 | @a15033.5269 | |
| 100 | @a19950128d1982 em y0chiy0121 ea | |
| 101 | 1 | @achi@ceng |
| 102 | @aCN@b110000 | |
| 105 | @ay z 000yy | |
| 200 | 10 | @a摩擦学入门@Amo ca xue ru men@f(英)鲍登(F.PhilipBowden),(英)泰伯(D. Tabor)等著@g沈继飞译 |
| 210 | @a北京@c机械工业出版社@d1982 | |
| 215 | @a161页@d19cm | |
| 300 | @a书名原文:Friction an Introduction to Tribology | |
| 510 | 1 | @aFriction an introduction to tribology |
| 606 | 0 | @a机械@x摩擦 |
| 606 | 0 | @a磨损 |
| 606 | 0 | @a机械@x润滑 |
| 606 | @a摩擦学 | |
| 690 | @aTH117 | |
| 690 | @aTH117.1@v3 | |
| 701 | 1 | @a鲍登@Abao deng@bF.P.@4著 |
| 701 | 1 | @a泰伯@Atai bo@bD.@4著 |
| 701 | A1 | @aTabor@ATabor@bD.@4著 |
| 701 | A1 | @aBowden@ABowden@bF.P.@4著 |
| 702 | 0 | @a沈继飞@Ashen ji fei@4译 |
| 801 | 2 | @aCN@bNLC@c20060820 |
| 801 | 0 | @aCN@b上海图书馆@c20040524 |
| 905 | @f1@b55182@dTH117@e13 | |
| 摩擦学入门/(英)鲍登(F.PhilipBowden),(英)泰伯(D. Tabor)等著/沈继飞译.-北京:机械工业出版社,1982 |
| 161页;19cm |
| 书名原文:Friction an Introduction to Tribology |
| ISBN :CNY0.56 |
| ● |
| 相关链接 |
|
|
|
|
正题名:摩擦学入门
索取号:TH117/13
 
预约/预借
| 序号 | 登录号 | 条形码 | 馆藏地/架位号 | 状态 | 备注 |
| 1 | 0055182 | 001364366 | 第三借阅区/ [索取号:TH117/13] | 在馆 | |
| 2 | 0055183 | 001364320 | 第二样本阅览室/ [索取号:TH117/13] | 在馆 | |
| 3 | 0470325 | 204703259 | 密集书库/ [索取号:TH117/13] | 在馆 |